The battle for God : (Record no. 4824)

MARC details
000 -LEADER
fixed length control field 01476cam a2200349Ia 4500
001 - CONTROL NUMBER
control field 226501
003 - CONTROL NUMBER IDENTIFIER
control field GBCCL
005 - DATE AND TIME OF LATEST TRANSACTION
control field 20241126110527.0
008 - FIXED-LENGTH DATA ELEMENTS--GENERAL INFORMATION
fixed length control field 020111s2001 miu b 001 0 eng d
020 ## - INTERNATIONAL STANDARD BOOK NUMBER
International Standard Book Number 0825427355
020 ## - INTERNATIONAL STANDARD BOOK NUMBER
International Standard Book Number 9780825427350
035 ## - SYSTEM CONTROL NUMBER
System control number (OCoLC)ocm48770975
035 ## - SYSTEM CONTROL NUMBER
System control number (OCoLC)48770975
040 ## - CATALOGING SOURCE
Original cataloging agency NA5
Transcribing agency NA5
Modifying agency WTS
-- OCLCQ
-- BAKER
-- AU@
-- CBC
-- VLB
049 ## -
-- LBBK
-- LBBT
050 #4 -
-- BT131
-- .G45 2001
082 04 - DEWEY DECIMAL CLASSIFICATION NUMBER
Classification number 231.4
Edition information 21
Item number GEI
090 ## - LOCALLY ASSIGNED LC-TYPE CALL NUMBER (OCLC); LOCAL CALL NUMBER (RLIN)
Classification number (OCLC) (R) ; Classification number, CALL (RLIN) (NR) BT131
Local cutter number (OCLC) ; Book number/undivided call number, CALL (RLIN) .G45 2001
100 1# - MAIN ENTRY--PERSONAL NAME
Personal name Geisler, Norman L.
9 (RLIN) 88
245 14 - TITLE STATEMENT
Title The battle for God :
Remainder of title responding to the challenge of neotheism /
Statement of responsibility, etc. Normal L. Geisler, H. Wayne House with Max Herrera.
260 ## - PUBLICATION, DISTRIBUTION, ETC.
Place of publication, distribution, etc. Grand Rapids, Mich. :
Name of publisher, distributor, etc. Kregel,
Date of publication, distribution, etc. c2001.
300 ## - PHYSICAL DESCRIPTION
Extent 336 p. ;
Dimensions 19 cm.
504 ## - BIBLIOGRAPHY, ETC. NOTE
Bibliography, etc. note Includes bibliographical references (p. 323-329) and index.
505 0# - FORMATTED CONTENTS NOTE
Formatted contents note Acknowledgements -- 1. Neotheism and the Doctrine of God -- 2. Omniscience -- 3. Eternality -- 4. Immutability -- 5. Simplicity -- 6. Impassibility -- 7. Relatability to the World -- 8. Sovereignty -- 9. Theological Dangers of Neotheism -- 10. Practical Dangers or Neotheism -- 11. Is Neotheism Orthodox? -- Appendices -- Sources -- Index
650 #0 - SUBJECT ADDED ENTRY--TOPICAL TERM
Topical term or geographic name entry element God
General subdivision Omniscience.
9 (RLIN) 8793
650 #0 - SUBJECT ADDED ENTRY--TOPICAL TERM
Topical term or geographic name entry element Providence and government of God.
9 (RLIN) 4757
650 #0 - SUBJECT ADDED ENTRY--TOPICAL TERM
Topical term or geographic name entry element Free will and determinism
General subdivision Biblical teaching.
9 (RLIN) 8794
650 #0 - SUBJECT ADDED ENTRY--TOPICAL TERM
Topical term or geographic name entry element God
General subdivision Attributes.
9 (RLIN) 7569
700 1# - ADDED ENTRY--PERSONAL NAME
Personal name House, H. Wayne.
9 (RLIN) 8795
700 1# - ADDED ENTRY--PERSONAL NAME
Personal name Herrera, Max.
9 (RLIN) 8796
942 ## - ADDED ENTRY ELEMENTS (KOHA)
Source of classification or shelving scheme Dewey Decimal Classification
Koha item type Books
Koha issues (borrowed), all copies 3
Holdings
Withdrawn status Lost status Source of classification or shelving scheme Damaged status Not for loan Home library Current Library Shelving location Date acquired Total checkouts Full call number Barcode Date last seen Copy number Price effective from Koha item type Date last checked out
    Dewey Decimal Classification     GRACE BIBLE COLLEGE GRACE BIBLE COLLEGE Theology 2018-02-08   231.4 GEI 014592 2025-05-01 c.1 2018-02-08 Books  
    Dewey Decimal Classification     GRACE BIBLE COLLEGE GRACE BIBLE COLLEGE Theology 2018-02-08 3 231.4 GEI 014593 2025-05-01 c.2 2018-02-08 Books 2022-08-19
    Dewey Decimal Classification     GRACE BIBLE COLLEGE GRACE BIBLE COLLEGE Theology 2019-11-19   231.4 GEI 013763 2025-05-01 c.3 2019-11-19 Books  
© Grace Bible College Library 2025